000 01336nam a2200289 i 4500
003 EG-GICUC
005 20260121101537.0
008 251224s1982 ua ||||f |||| 00| 0 ara d
040 _a EG-GICUC
_bara
_c EG-GICUC
_d EG-GICUC
_erda
041 0 _aara
082 0 4 _221
_a345.45712
_bع ب . ع
092 0 4 _221
099 _aLaw1 07 345.45712 ع ب . ع 1982
100 0 _aعبد الوهاب البنداري
_eمؤلف.
245 1 2 _aالعقوبات التأديبية للعاملين المدنيين بالدولة والقطاع العام وذوى الكادرات الخاصة :
_bدراسة فقهية قضائية وفقا لأحدث التشريعات وآراء الفقه وأحكام القضاء وفتاوي مجلس الدولة /
_cعبد الوهاب البنداري.
264 1 _aالقاهرة :
_bدار الفكر العربى,
_c1982.
300 _a608 ؛ صفحة
_c24 سم
336 _2rda content
_atext
337 _2rda media
_aComputer
338 _2rda carrier
_aOnline Resource
504 _aيحتوي على ارجاعات ببليوجرافية
546 _aالنص باللغة العربية
650 1 4 _aالعقوبة التاديبية
_xالقانون الاداري
856 4 0 _uhttps://fll.law.cu.edu.eg/fulltext/bks/B07-01537.pdf
905 _a75
942 _2ddc
_cBK
_e21
_n0
999 _c52464
_d52464